Tratado de geografía comercial de las cinco partes del mundo / (Record no. 47957)

MARC details
000 -LEADER
campo de control de longitud fija 00794nam a22002295i 4500
001 - NÚMERO DE CONTROL
campo de control 47957
003 - IDENTIFICADOR DE NÚMERO DE CONTROL
campo de control ES-MaACL
005 - FECHA Y HORA DE LA ÚLTIMA TRANSACCIÓN
campo de control 20250814064904.0
007 - CAMPO FIJO DE DESCRIPCIÓN FÍSICA--INFORMACIÓN GENERAL
campo de control de longitud fija t|
008 - DATOS DE LONGITUD FIJA--INFORMACIÓN GENERAL
campo de control de longitud fija 950206s1900 ag ||||1| spa d
040 ## - FUENTE DE CATALOGACIÓN
Centro catalogador/agencia de origen CAM
Lengua de catalogación spa
Centro/agencia transcriptor CCPB | PA2
080 ## - NÚMERO DE LA CLASIFICACIÓN DECIMAL UNIVERSAL
Número de la Clasificación Decimal Universal 911.3:339
100 1# - ENTRADA PRINCIPAL--NOMBRE DE PERSONA
Nombre de persona Courtaux, Edgar.
9 (RLIN) 41280
245 10 - MENCIÓN DEL TÍTULO
Título Tratado de geografía comercial de las cinco partes del mundo /
Mención de responsabilidad, etc. por Edgar Courtaux y Francisco V. Guzmán.
260 ## - PUBLICACIÓN, DISTRIBUCIÓN, ETC.
Lugar de publicación, distribución, etc. Buenos Aires :
Nombre del editor, distribuidor, etc. Academia Británica,
Fecha de publicación, distribución, etc. 1900 (
Fabricante Revista Nacional)
300 ## - DESCRIPCIÓN FÍSICA
Extensión 1 vol. (402, 315 p.) ;
Dimensiones 26 cm.
500 ## - NOTA GENERAL
Nota general 2 t. en 1 v.
650 07 - PUNTO DE ACCESO ADICIONAL DE MATERIA--TÉRMINO DE MATERIA
Término de materia o nombre geográfico como elemento de entrada Geografía comercial
Fuente del encabezamiento o término embne
9 (RLIN) 13075
700 1# - ENTRADA AGREGADA--NOMBRE PERSONAL
Nombre de persona Guzmán, Francisco V.
9 (RLIN) 61289
852 ## - LOCALIZACIÓN
Ubicación ES-MaACL
Número de control de estantería C-809
Nota libre .- Donat. de Luigi Lucchesi en anotación manuscrita
Holdings
Estatus retirado Estado de pérdida Estado de daño No para préstamo Colección Biblioteca de origen Biblioteca actual Ubicación en estantería Fecha de adquisición Fuente de adquisición Total de préstamos Signatura topográfica completa Código de barras Visto por última vez Precio de reemplazo Tipo de ítem Koha
        Libros del s. XIX Biblioteca del Ateneo de Madrid Biblioteca del Ateneo de Madrid Sala Palomar 17/01/2008     C-809 1050469 23/02/2023 23/02/2023 Libro impreso antiguo